000 00529nam a22001817a 4500
005 20240117101226.0
008 221217b |||||||| |||| 00| 0 eng d
020 _a978-81-899-60-30-8
041 _aeng
082 _a615.19 LEM -F
100 _aLEMKE,THOMAS L., DAVID A.WILLIAMS , ROCHE, VICTORIA F. AND ZITO, S.WILLIAM
_98387
245 _aFOYE'S PRINCILPES OF MEDICAL CHEMISTRY
250 _a6th ed.
260 _aHARYANA
_bWOLTERS KLUWER HEALTH
300 _a1377;P.
650 _aPHRMACY
_xB.PHARMA
_97461
942 _cBK
999 _c8076
_d8074